[Event "Campeonato de España FEDC 2014"]
[Site "Linares ESP"]
[Date "2014.11.21"]
[Round "6.14"]
[White "Megias Gonzalez, Javier"]
[Black "Merino Gomez, Aurelio"]
[Result "1-0"]
[WhiteElo "1837"]
[BlackElo "1696"]
[PlyCount "75"]
[EventDate "2014.11.16"]
[EventType "swiss"]
[EventRounds "8"]
[EventCountry "ESP"]
[Source "lmi"]
[SourceDate "2014.11.16"]

1. e4 c5 2. Nf3 e6 3. d4 cxd4 4. Nxd4 Nc6 5. Nc3 a6 6. Be3 Qc7 7. a3 Nf6 8. Be2
Be7 9. g4 d6 10. g5 Nd7 11. h4 O-O 12. f4 f5 13. Nxe6 Qa5 14. Nxf8 Nxf8 15.
Qd5+ Be6 16. Qxa5 Nxa5 17. O-O-O Rc8 18. Kb1 Nd7 19. Bd3 fxe4 20. Bxe4 Nc4 21.
Bd4 Na5 22. Nd5 Nc6 23. Nxe7+ Nxe7 24. Bxb7 Rc7 25. Bxa6 Nf5 26. Bf2 d5 27.
Rhe1 Kf7 28. Bd3 g6 29. Rh1 Ng7 30. h5 gxh5 31. Bxh7 Nc5 32. Bxc5 Rxc5 33. Bd3
Bg4 34. Rde1 Ne6 35. g6+ Kf6 36. Rxe6+ Kxe6 37. Re1+ Kf6 38. Re5 1-0

[Event "Campeonato de España FEDC 2014"]
[Site "Linares ESP"]
[Date "2014.11.21"]
[Round "6.15"]
[White "Escalante Ortega, Fernando"]
[Black "Espadina Solano, Jaime"]
[Result "1/2-1/2"]
[WhiteElo "1814"]
[BlackElo "1741"]
[PlyCount "36"]
[EventDate "2014.11.16"]
[EventType "swiss"]
[EventRounds "8"]
[EventCountry "ESP"]
[Source "lmi"]
[SourceDate "2014.11.16"]

1. e4 e5 2. Nf3 Nc6 3. d4 exd4 4. Nxd4 g6 5. Be3 Bg7 6. c3 Nf6 7. Nd2 d5 8.
Nxc6 bxc6 9. exd5 cxd5 10. Bc5 Bf8 11. Bb5+ Bd7 12. Qe2+ Be7 13. Bxd7+ Nxd7 14.
Bxe7 Qxe7 15. Qxe7+ Kxe7 16. O-O-O Rhe8 17. Nf3 Nf6 18. Rhe1+ Kf8 1/2-1/2

[Event "Campeonato de España FEDC 2014"]
[Site "Linares ESP"]
[Date "2014.11.21"]
[Round "6.16"]
[White "Mondelo Fidalgo, Antonio"]
[Black "Rousse Mayol, Ricard"]
[Result "1-0"]
[WhiteElo "1739"]
[BlackElo "1788"]
[PlyCount "91"]
[EventDate "2014.11.16"]
[EventType "swiss"]
[EventRounds "8"]
[EventCountry "ESP"]
[Source "lmi"]
[SourceDate "2014.11.16"]

1. d4 g6 2. Bf4 d6 3. Nf3 Bg7 4. e3 Nf6 5. h3 Nbd7 6. c4 Nh5 7. Bh2 c5 8. Nc3
cxd4 9. exd4 Nhf6 10. Be2 b6 11. O-O Bb7 12. Re1 O-O 13. Qc2 Re8 14. Qa4 a5 15.
Qb3 Rc8 16. Rac1 Bh6 17. Rcd1 Bc6 18. Nb5 Ra8 19. a4 Bxb5 20. Qxb5 Ne4 21. Bd3
Nef6 22. Re2 Rc8 23. Rde1 Nb8 24. Qb3 Nc6 25. Be4 Nxe4 26. Rxe4 e6 27. Qc3 Nb4
28. Bf4 Bxf4 29. Rxf4 d5 30. b3 dxc4 31. bxc4 Qe7 32. Ne5 Nd5 33. Qf3 Nxf4 34.
Qxf4 Rf8 35. Qh6 Qd8 36. Qf4 Qc7 37. Qf6 Qd8 38. Qf4 f5 39. Re3 g5 40. Rg3 h6
41. h4 Kh7 42. hxg5 hxg5 43. Rxg5 Rf6 44. Rh5+ Kg7 45. Qg5+ Kf8 46. Rh8+ 1-0

[Event "Campeonato de España FEDC 2014"]
[Site "Linares ESP"]
[Date "2014.11.21"]
[Round "6.17"]
[White "Lopez Perez, Angel Luis"]
[Black "De Los Heros Torres, Francisco"]
[Result "0-1"]
[WhiteElo "1769"]
[BlackElo "1624"]
[PlyCount "112"]
[EventDate "2014.11.16"]
[EventType "swiss"]
[EventRounds "8"]
[EventCountry "ESP"]
[Source "lmi"]
[SourceDate "2014.11.16"]

1. e4 e6 2. d4 d5 3. Nd2 Nf6 4. e5 Nfd7 5. c3 c5 6. Ngf3 Nc6 7. Nb3 Qb6 8. Be2
cxd4 9. cxd4 Bb4+ 10. Bd2 a5 11. O-O a4 12. Bxb4 Qxb4 13. Nc1 Qxb2 14. Nd3 Qb6
15. Rb1 Qa7 16. Nf4 O-O 17. Bd3 f5 18. Nxe6 Rf7 19. Nfg5 Re7 20. Bxf5 Nf8 21.
Qg4 Bxe6 22. Bxe6+ Nxe6 23. Nxe6 Rc8 24. Nc5 Nxe5 25. Qd1 Nc6 26. Nxa4 Nxd4 27.
Nb6 Ne2+ 28. Kh1 Nc3 29. Qd3 Nxb1 30. Qxb1 d4 31. h3 Kh8 32. Nd5 Re5 33. Nf4
Ra5 34. Qb3 Rxa2 35. Qf7 Qa8 36. Qh5 Ra6 37. Kh2 Qb8 38. g3 Rh6 39. Qd5 Rd8 40.
Qf7 Rf6 41. Qc4 b5 42. Qb3 Qb6 43. Kg1 Qc6 44. Qb4 Qc4 45. Qe7 Rdf8 46. Nh5 Qf7
47. Qe2 Rf5 48. Nf4 g5 49. Nd3 Qe8 50. Qb2 Qe4 51. Qd2 Rf3 52. Nc5 Qd5 53. Nd3
Qf5 54. Nb4 Rxg3+ 55. fxg3 Qxf1+ 56. Kh2 Rf2+ 0-1

[Event "Campeonato de España FEDC 2014"]
[Site "Linares ESP"]
[Date "2014.11.21"]
[Round "6.18"]
[White "Menendez Solar, Jose Carlos"]
[Black "Losilla Marin, Antonio"]
[Result "0-1"]
[WhiteElo "1758"]
[BlackElo "1656"]
[PlyCount "68"]
[EventDate "2014.11.16"]
[EventType "swiss"]
[EventRounds "8"]
[EventCountry "ESP"]
[Source "lmi"]
[SourceDate "2014.11.16"]

1. d4 d5 2. c4 e6 3. Nc3 Nf6 4. cxd5 exd5 5. Bg5 Nbd7 6. e3 c6 7. Bd3 Be7 8.
Qc2 Qc7 9. Nge2 Nf8 10. Bxf6 Bxf6 11. Nxd5 Qa5+ 12. Ndc3 g6 13. O-O Ne6 14. f4
Ng7 15. Ng3 Bh4 16. Nce2 Nf5 17. Bxf5 Bxf5 18. e4 Bd7 19. Qc3 Qxc3 20. bxc3 b5
21. e5 a5 22. Ne4 Be7 23. h3 Be6 24. Rf3 b4 25. g4 Kd7 26. Ng5 Bd5 27. Rff1 h5
28. Ng3 hxg4 29. hxg4 Bxg5 30. fxg5 Rh3 31. Kf2 Rah8 32. cxb4 axb4 33. Rab1 Ra8
34. Ne2 Rh2+ 0-1

[Event "Campeonato de España FEDC 2014"]
[Site "Linares ESP"]
[Date "2014.11.21"]
[Round "6.19"]
[White "Bueno Cardenas, Rafael"]
[Black "Escabias Perez, Miguel"]
[Result "0-1"]
[WhiteElo "1511"]
[BlackElo "1590"]
[PlyCount "66"]
[EventDate "2014.11.16"]
[EventType "swiss"]
[EventRounds "8"]
[EventCountry "ESP"]
[Source "lmi"]
[SourceDate "2014.11.16"]

1. e4 c5 2. Nf3 e6 3. Nc3 a6 4. d4 cxd4 5. Nxd4 Qc7 6. Nf3 Nc6 7. Bd3 b5 8. O-O
b4 9. Ne2 Bb7 10. Ng3 Bc5 11. Nh5 Kf8 12. Ng5 h6 13. Nh3 Nf6 14. Nxf6 gxf6 15.
Qh5 Ke7 16. Kh1 Rag8 17. Qh4 Bd4 18. f4 Ke8 19. Rf3 Ne7 20. Be3 Bxb2 21. Rb1
Bc3 22. Nf2 f5 23. Rg3 Ng6 24. Qh5 Nxf4 25. Rxg8+ Rxg8 26. Qxh6 Nxd3 27. Nxd3
Bxe4 28. Rg1 Qb7 29. Qh3 Ke7 30. Nc5 Qa8 31. Nxe4 Qxe4 32. a3 Be5 33. Bf2 Rh8
0-1

[Event "Campeonato de España FEDC 2014"]
[Site "Linares ESP"]
[Date "2014.11.21"]
[Round "6.20"]
[White "Garcia Cruz, Francisco"]
[Black "Quintero Gemio, Antonio J"]
[Result "0-1"]
[WhiteElo "1500"]
[BlackElo "1763"]
[PlyCount "77"]
[EventDate "2014.11.16"]
[EventType "swiss"]
[EventRounds "8"]
[EventCountry "ESP"]
[Source "lmi"]
[SourceDate "2014.11.16"]

1. d4 d5 2. e3 Nf6 3. Bd3 g6 4. Nd2 Bg7 5. f4 e6 6. h3 b6 7. Ne2 O-O 8. b3 c5
9. Bb2 Bb7 10. c3 Nh5 11. Nf3 Nd7 12. g4 Nhf6 13. Qd2 c4 14. Bc2 Ne4 15. Qc1
Ndf6 16. g5 Nh5 17. Bxe4 dxe4 18. Nd2 cxb3 19. axb3 f6 20. gxf6 Nxf6 21. c4 a5
22. Ng3 Rc8 23. Qc2 Nh5 24. Rg1 Nxg3 25. Rxg3 Qh4 26. Kf2 g5 27. Kg2 gxf4 28.
Rg4 f3+ 29. Kh2 Qf2+ 30. Kh1 Rf7 31. Qc3 Kf8 32. Ba3+ Ke8 33. Rag1 Bf6 34. Nxe4
Bxe4 35. Rxe4 Kd7 36. Reg4 h5 37. Rg6 Qh4 38. Qd2 f2 39. Rxf6 0-1

[Event "Campeonato de España FEDC 2014"]
[Site "Linares ESP"]
[Date "2014.11.21"]
[Round "6.22"]
[White "Sanchez Ruiz, Justo"]
[Black "Fernandez Cabello, Emilio"]
[Result "1-0"]
[WhiteElo "1708"]
[BlackElo "1513"]
[PlyCount "65"]
[EventDate "2014.11.16"]
[EventType "swiss"]
[EventRounds "8"]
[EventCountry "ESP"]
[Source "lmi"]
[SourceDate "2014.11.16"]

1. e4 e6 2. d4 d5 3. e5 c5 4. c3 Nc6 5. Nf3 Qb6 6. a3 c4 7. Nbd2 Bd7 8. g3 Na5
9. h4 h5 10. Bh3 Ne7 11. Ng5 g6 12. Qf3 Nf5 13. Bxf5 gxf5 14. Qe3 Be7 15. Ndf3
Nb3 16. Rb1 Nxc1 17. Rxc1 a5 18. O-O O-O 19. Ne1 f6 20. exf6 Rxf6 21. Nef3 Bd6
22. Ne5 Bxe5 23. dxe5 Rh6 24. Nh3 Rg6 25. Ng5 Rg7 26. Qd2 Be8 27. Rcd1 Rd7 28.
Nf3 Qc7 29. Qh6 Qb6 30. Nd4 Rh7 31. Qxe6+ Qxe6 32. Nxe6 Re7 33. Nf4 1-0

[Event "Campeonato de España FEDC 2014"]
[Site "Linares ESP"]
[Date "2014.11.21"]
[Round "6.23"]
[White "Melero Marti, Hector"]
[Black "Miramon Borragan, Gustavo"]
[Result "1-0"]
[WhiteElo "1537"]
[BlackElo "1626"]
[PlyCount "37"]
[EventDate "2014.11.16"]
[EventType "swiss"]
[EventRounds "8"]
[EventCountry "ESP"]
[Source "lmi"]
[SourceDate "2014.11.16"]

1. e4 e5 2. Nf3 Nc6 3. d4 exd4 4. Nxd4 Nxd4 5. Qxd4 d6 6. Nc3 Nf6 7. Nd5 Nxd5
8. exd5 Bd7 9. Be2 Qe7 10. Qe3 a6 11. O-O Qxe3 12. Bxe3 O-O-O 13. Rfe1 h6 14.
Bd4 Bf5 15. c4 Rg8 16. Bh5 g6 17. Bf3 g5 18. Bf6 Rd7 19. Re8+ 1-0

[Event "Campeonato de España FEDC 2014"]
[Site "Linares ESP"]
[Date "2014.11.21"]
[Round "6.24"]
[White "Lago Carballo, Carmen"]
[Black "Gil Dominguez, Angel Jesus"]
[Result "1/2-1/2"]
[WhiteElo "1447"]
[BlackElo "1571"]
[PlyCount "83"]
[EventDate "2014.11.16"]
[EventType "swiss"]
[EventRounds "8"]
[EventCountry "ESP"]
[Source "lmi"]
[SourceDate "2014.11.16"]

1. e4 e5 2. Nf3 Nc6 3. Bc4 Nd4 4. Nxe5 Qg5 5. Ng4 h5 6. Ne3 Nf6 7. d3 d6 8. h3
Be6 9. Bxe6 Nxe6 10. Nc3 Nd4 11. Ne2 Nc6 12. Bd2 O-O-O 13. Ng3 Qb5 14. b3 h4
15. c4 Qe5 16. Ne2 g6 17. Bc3 Qe6 18. Nf4 Qe7 19. Nfd5 Nxd5 20. Nxd5 Qg5 21.
Bxh8 Qxg2 22. Rf1 f5 23. Qe2 Bh6 24. Bc3 Re8 25. Ne3 Qg5 26. f4 Qe7 27. Nd5 Qe6
28. O-O-O Qf7 29. Rde1 Bg7 30. Qe3 Bxc3 31. Nxc3 Qg7 32. Nb5 Qa1+ 33. Kd2 Qxa2+
34. Kd1 Qb1+ 35. Ke2 Qc2+ 36. Kf3 Qh2 37. Rh1 fxe4+ 38. dxe4 Qg3+ 39. Ke2 Qg2+
40. Kd1 Qa2 41. Re2 Qb1+ 42. Qc1 1/2-1/2

[Event "Campeonato de España FEDC 2014"]
[Site "Linares ESP"]
[Date "2014.11.21"]
[Round "6.25"]
[White "Juanes Paniagua, Alberto"]
[Black "Martinez Perez, Carlos"]
[Result "1-0"]
[WhiteElo "1321"]
[BlackElo "1508"]
[PlyCount "53"]
[EventDate "2014.11.16"]
[EventType "swiss"]
[EventRounds "8"]
[EventCountry "ESP"]
[Source "lmi"]
[SourceDate "2014.11.16"]

1. d4 e6 2. c4 d5 3. Nf3 c6 4. Qc2 f5 5. Bf4 Nf6 6. cxd5 cxd5 7. a3 Nbd7 8. Nc3
a6 9. h3 Be7 10. e3 O-O 11. b4 b5 12. Be2 Bb7 13. Ng5 Qe8 14. Nxe6 Qg6 15. O-O
Rfc8 16. Bf3 Ne4 17. Bxe4 fxe4 18. Nc7 Ra7 19. Qb3 Nf6 20. N3xd5 Nxd5 21. Nxd5
Bxd5 22. Qxd5+ Kf8 23. Rac1 Rd8 24. Qc6 Qf5 25. Be5 g5 26. f3 h5 27. fxe4 1-0

[Event "Campeonato de España FEDC 2014"]
[Site "Linares ESP"]
[Date "2014.11.21"]
[Round "6.26"]
[White "Alarcon Alarcon, Juana"]
[Black "Garcia Cruz, Jose Manuel"]
[Result "0-1"]
[WhiteElo "1322"]
[BlackElo "1300"]
[PlyCount "44"]
[EventDate "2014.11.16"]
[EventType "swiss"]
[EventRounds "8"]
[EventCountry "ESP"]
[Source "lmi"]
[SourceDate "2014.11.16"]

1. e4 d5 2. e5 c5 3. Nf3 Bf5 4. d3 e6 5. Be2 Ne7 6. O-O Nbc6 7. Ng5 Nxe5 8. Bf4
N7g6 9. Qd2 Nc6 10. Bh5 f6 11. Nxe6 Bxe6 12. Rd1 Qd7 13. Nc3 O-O-O 14. Nb5 a6
15. a4 Nxf4 16. Qxf4 Bd6 17. Qd2 axb5 18. axb5 Nb8 19. Ra2 Bc7 20. d4 Qd6 21.
g3 c4 22. Ra8 g6 0-1

[Event "Campeonato de España FEDC 2014"]
[Site "Linares ESP"]
[Date "2014.11.21"]
[Round "6.27"]
[White "Ardila Pacheco, Julian"]
[Black "Mena Lena, Antonio"]
[Result "0-1"]
[WhiteElo "1215"]
[BlackElo "1296"]
[PlyCount "114"]
[EventDate "2014.11.16"]
[EventType "swiss"]
[EventRounds "8"]
[EventCountry "ESP"]
[Source "lmi"]
[SourceDate "2014.11.16"]

1. e4 c5 2. Nc3 e6 3. Bc4 d6 4. Nf3 Nc6 5. d4 Bd7 6. O-O b6 7. Be2 Qc7 8. a3
Nf6 9. Bf4 Ng4 10. Nb5 Qb8 11. Bg3 a6 12. Nc3 Be7 13. Qd3 O-O 14. Rad1 e5 15.
dxe5 Ngxe5 16. Nxe5 Nxe5 17. Bxe5 Bc6 18. a4 dxe5 19. Qf3 b5 20. axb5 axb5 21.
Nb1 Qb7 22. Nd2 f5 23. Qh3 Bd7 24. f3 fxe4 25. g4 e3 26. Nb3 c4 27. Rxd7 Qxd7
28. Rd1 Qc6 29. Nc1 Rad8 30. Qf1 Bg5 31. c3 Rd2 32. Na2 Rfd8 33. Nb4 Qc5 34.
Kg2 Rxd1 35. Bxd1 Rd2+ 36. Be2 Rxb2 37. Qd1 Rd2 38. Qf1 Qd6 39. Kg1 Bf4 40. h3
Qh6 41. Bxc4+ bxc4 42. Qxc4+ Kf8 43. Qc5+ Rd6 44. Qc8+ Ke7 45. Nc6+ Kf7 46.
Qc7+ Kg6 47. Qxd6+ Kg5 48. Qd8+ Qf6 49. Qd7 Kh4 50. Qe8 Kg3 51. Qd7 e2 52. Qd3
e1=Q+ 53. Qf1 Qxf1+ 54. Kxf1 Kxf3 55. Nb4 Qh4 56. Nd3 Qxh3+ 57. Ke1 Qh1# 0-1

[Event "Campeonato de España FEDC 2014"]
[Site "Linares ESP"]
[Date "2014.11.21"]
[Round "6.28"]
[White "Calvente Aldehuela, Antonia"]
[Black "Urlezaga Mandaluniz, Jose A"]
[Result "1-0"]
[WhiteElo "1362"]
[BlackElo "1284"]
[PlyCount "39"]
[EventDate "2014.11.16"]
[EventType "swiss"]
[EventRounds "8"]
[EventCountry "ESP"]
[Source "lmi"]
[SourceDate "2014.11.16"]

1. e4 e6 2. d4 c5 3. Nf3 d6 4. dxc5 Qa5+ 5. Bd2 Qxc5 6. Bd3 Nc6 7. O-O Nf6 8.
Nc3 a6 9. Na4 Qa7 10. Be3 Qb8 11. Nd4 Bd7 12. Nb6 Ra7 13. Nxc6 Bxc6 14. c3 Be7
15. Qb3 O-O 16. Qb4 a5 17. Qb3 a4 18. Qc4 Ra5 19. Qb4 Rg5 20. Bxg5 1-0

[Event "Campeonato de España FEDC 2014"]
[Site "Linares ESP"]
[Date "2014.11.22"]
[Round "7.1"]
[White "Clemente Llamero, Roberto"]
[Black "Aguilar Sevilla, Diego"]
[Result "1-0"]
[WhiteElo "2097"]
[BlackElo "2105"]
[PlyCount "71"]
[EventDate "2014.11.16"]
[EventType "swiss"]
[EventRounds "8"]
[EventCountry "ESP"]
[Source "lmi"]
[SourceDate "2014.11.16"]

1. e4 c6 2. d4 d5 3. e5 Bf5 4. Nf3 e6 5. Be2 c5 6. Be3 cxd4 7. Nxd4 Ne7 8. c4
Nbc6 9. Nc3 Nxd4 10. Bxd4 dxc4 11. Bxc4 Nc6 12. Bb5 a6 13. Bxc6+ bxc6 14. Qa4
Qd7 15. O-O-O Qb7 16. f3 Be7 17. Be3 Rb8 18. b3 h6 19. Kb2 O-O 20. Qc4 Rfd8 21.
Bc5 Bxc5 22. Qxc5 Rd3 23. Rxd3 Bxd3 24. Rd1 Bb5 25. Rd4 Qb6 26. Qxb6 Rxb6 27.
Ne4 Bf1 28. g3 Rb5 29. f4 a5 30. Kc3 Bg2 31. Nd6 Rb8 32. Ra4 Ra8 33. Kd4 Kf8
34. Kc5 Ke7 35. b4 axb4 36. Rxa8 1-0

[Event "Campeonato de España FEDC 2014"]
[Site "Linares ESP"]
[Date "2014.11.22"]
[Round "7.2"]
[White "Fernandez Manrique, Agustin"]
[Black "Draghici Flutur, Gavril"]
[Result "1/2-1/2"]
[WhiteElo "2197"]
[BlackElo "2164"]
[PlyCount "139"]
[EventDate "2014.11.16"]
[EventType "swiss"]
[EventRounds "8"]
[EventCountry "ESP"]
[Source "lmi"]
[SourceDate "2014.11.16"]

1. c4 Nf6 2. Nc3 c5 3. g3 d5 4. cxd5 Nxd5 5. Bg2 Nc7 6. d3 e5 7. f4 exf4 8.
Bxf4 Bd6 9. Qa4+ Kf8 10. Nh3 Bxh3 11. Bxh3 Bxf4 12. Qxf4 Nc6 13. Rf1 f6 14.
O-O-O Nd5 15. Qg5 Ncb4 16. Nxd5 Nxd5 17. Be6 Nc7 18. Qxc5+ Qe7 19. Qxe7+ Kxe7
20. Bb3 Rhd8 21. Rf4 Rac8 22. Kd2 Nb5 23. Rb4 Nd6 24. Rf1 Rc5 25. Rff4 Rdc8 26.
Rfd4 Rh5 27. Rh4 Rxh4 28. Rxh4 h6 29. Rd4 Rc7 30. Rd5 Rc8 31. Rd4 Rc7 32. Rf4
Rc8 33. Rf1 Nb5 34. Rc1 Rxc1 35. Kxc1 Kd6 36. e3 Nc7 37. Kd2 Na6 38. d4 Nb4 39.
e4 Nc6 40. Ke3 Ne7 41. Bf7 g5 42. Kf3 Nc6 43. Ke3 Ne7 44. a3 b6 45. Kd3 a6 46.
b4 b5 47. Ke3 Kc7 48. e5 fxe5 49. dxe5 Kc6 50. Ke4 Kd7 51. Bd5 Kc7 52. Be6 Kc6
53. h4 gxh4 54. gxh4 Kc7 55. Bd5 Kd7 56. Bb3 Kc7 57. Bf7 Kc6 58. Kf4 Kd7 59.
Ke4 Kc6 60. Ba2 Kd7 61. Bb3 Kc7 62. a4 Nc6 63. axb5 axb5 64. Bf7 Kd7 65. Kf5
Ke7 66. Bg8 Nxb4 67. Kg6 Nc6 68. Kf5 b4 69. Ke4 Nd8 70. Kd3 1/2-1/2

[Event "Campeonato de España FEDC 2014"]
[Site "Linares ESP"]
[Date "2014.11.22"]
[Round "7.3"]
[White "Palacios Perez, Manuel"]
[Black "Garcia Cervigon, Cecilio"]
[Result "1-0"]
[WhiteElo "2208"]
[BlackElo "1807"]
[PlyCount "81"]
[EventDate "2014.11.16"]
[EventType "swiss"]
[EventRounds "8"]
[EventCountry "ESP"]
[Source "lmi"]
[SourceDate "2014.11.16"]

1. d4 d5 2. c4 c6 3. Nf3 Nf6 4. Qc2 e6 5. g3 Nbd7 6. Bg2 b6 7. O-O Be7 8. Rd1
O-O 9. b3 Bb7 10. Nc3 Rc8 11. Bb2 Qc7 12. Rac1 Rfd8 13. Qb1 Qb8 14. Nd2 c5 15.
cxd5 Nxd5 16. Nxd5 exd5 17. Qf5 Nf6 18. Nf3 Qd6 19. Bh3 Rc7 20. dxc5 Rxc5 21.
Bd4 Rc6 22. Ne5 Rc7 23. Qd3 Bc8 24. Bg2 Be6 25. Nf3 Rxc1 26. Rxc1 Rc8 27. Rxc8+
Bxc8 28. Qc2 Bb7 29. Ne5 Qd8 30. Nc6 Qc7 31. Nxe7+ Qxe7 32. Qf5 Qe6 33. Qc2 Qc6
34. Qxc6 Bxc6 35. Bxf6 gxf6 36. e3 Kg7 37. Kf1 f5 38. Ke2 Kf6 39. Kd3 Ke5 40.
f4+ Kd6 41. Kd4 1-0

[Event "Campeonato de España FEDC 2014"]
[Site "Linares ESP"]
[Date "2014.11.22"]
[Round "7.4"]
[White "Zanoletty Garcia, David"]
[Black "Fernandez Lago, David"]
[Result "1-0"]
[WhiteElo "1996"]
[BlackElo "2000"]
[PlyCount "57"]
[EventDate "2014.11.16"]
[EventType "swiss"]
[EventRounds "8"]
[EventCountry "ESP"]
[Source "lmi"]
[SourceDate "2014.11.16"]

1. d4 Nf6 2. c4 g6 3. Nc3 Bg7 4. e4 d6 5. Nf3 O-O 6. Be2 Na6 7. O-O c5 8. d5
Nc7 9. Bf4 a6 10. a4 b6 11. h3 Rb8 12. e5 Nfe8 13. Qd2 Bd7 14. Ne4 Bf5 15. Ng3
Bd7 16. Bh6 dxe5 17. Bxg7 Kxg7 18. Nxe5 Nd6 19. Bd3 f6 20. Nxd7 Qxd7 21. Rfe1
b5 22. axb5 axb5 23. b3 bxc4 24. bxc4 Rb4 25. Qe2 Kf7 26. Ra5 Nb7 27. Ra7 Ra8
28. Rea1 Ra4 29. R1xa4 1-0

[Event "Campeonato de España FEDC 2014"]
[Site "Linares ESP"]
[Date "2014.11.22"]
[Round "7.5"]
[White "Vela Ignacio, Jose Manuel"]
[Black "Martinez Colomar, Alejandro"]
[Result "0-1"]
[WhiteElo "2128"]
[BlackElo "1747"]
[PlyCount "42"]
[EventDate "2014.11.16"]
[EventType "swiss"]
[EventRounds "8"]
[EventCountry "ESP"]
[Source "lmi"]
[SourceDate "2014.11.16"]

1. e4 c5 2. Nf3 d6 3. Bb5+ Nc6 4. Bxc6+ bxc6 5. d3 e5 6. h3 f5 7. exf5 Bxf5 8.
Bg5 Be7 9. Bxe7 Qxe7 10. Nbd2 Nf6 11. Qe2 Rb8 12. b3 Nd5 13. Nc4 Nf4 14. Qd2
Nxg2+ 15. Kf1 Nf4 16. Re1 O-O 17. d4 e4 18. dxc5 d5 19. Nd6 Bxh3+ 20. Rxh3 Nxh3
21. Qc3 Qf6 0-1

[Event "Campeonato de España FEDC 2014"]
[Site "Linares ESP"]
[Date "2014.11.22"]
[Round "7.6"]
[White "Olivera Gutierrez, Albert"]
[Black "Sanz Garcia, Ramon"]
[Result "1-0"]
[WhiteElo "2047"]
[BlackElo "1706"]
[PlyCount "49"]
[EventDate "2014.11.16"]
[EventType "swiss"]
[EventRounds "8"]
[EventCountry "ESP"]
[Source "lmi"]
[SourceDate "2014.11.16"]

1. g3 Nf6 2. Bg2 g6 3. c4 Bg7 4. Nc3 O-O 5. e4 d6 6. Nge2 e5 7. d3 c6 8. O-O
Na6 9. h3 Nc7 10. d4 Be6 11. b3 Nfe8 12. dxe5 dxe5 13. Ba3 Qc8 14. Bxf8 Bxf8
15. Kh2 Nd6 16. f4 exf4 17. Nxf4 Bd7 18. Qd3 Na6 19. Rad1 Qd8 20. e5 Nc5 21.
Qd2 Nf5 22. b4 Qg5 23. bxc5 Qxg3+ 24. Kh1 Ne3 25. Rf3 1-0

[Event "Campeonato de España FEDC 2014"]
[Site "Linares ESP"]
[Date "2014.11.22"]
[Round "7.7"]
[White "Saez Gabikagogeaskoa, Oscar"]
[Black "Septien Lopez, Valeriano"]
[Result "1-0"]
[WhiteElo "1988"]
[BlackElo "1811"]
[PlyCount "68"]
[EventDate "2014.11.16"]
[EventType "swiss"]
[EventRounds "8"]
[EventCountry "ESP"]
[Source "lmi"]
[SourceDate "2014.11.16"]

1. e4 e5 2. Nf3 Nf6 3. Nxe5 d6 4. Nf3 Nxe4 5. Nc3 Nxc3 6. dxc3 Be7 7. Be3 Nc6
8. Qd2 Ne5 9. Be2 c6 10. Nd4 Qc7 11. O-O-O Bd7 12. h3 O-O-O 13. f4 Ng6 14. g4
Nh4 15. Rhg1 Rhe8 16. Nb3 a5 17. Bf2 Be6 18. c4 a4 19. Nd4 Bd7 20. Rg3 d5 21.
cxd5 Bd6 22. Qc3 Bxf4+ 23. Kb1 Be5 24. Qd3 c5 25. Rgg1 Ng6 26. Nb5 Qb6 27. Qc4
Bxb2 28. Qxa4 Bxb5 29. Bxb5 Re4 30. Qxe4 Qxb5 31. a4 Qb6 32. Ka2 Bf6 33. Rb1
Qa5 34. Rb5 Qc3 1-0

[Event "Campeonato de España FEDC 2014"]
[Site "Linares ESP"]
[Date "2014.11.22"]
[Round "7.8"]
[White "Pimienta Sanchez, Manuel"]
[Black "Diaz De La Guia, Luis"]
[Result "0-1"]
[WhiteElo "1820"]
[BlackElo "1653"]
[PlyCount "76"]
[EventDate "2014.11.16"]
[EventType "swiss"]
[EventRounds "8"]
[EventCountry "ESP"]
[Source "lmi"]
[SourceDate "2014.11.16"]

1. d4 d5 2. Nf3 Nf6 3. c4 dxc4 4. Nc3 Bg4 5. e3 e6 6. Bxc4 c6 7. h3 Bh5 8. Qb3
Qb6 9. Ne5 Qxb3 10. Bxb3 Nbd7 11. g4 Bg6 12. Nxg6 hxg6 13. g5 Nd5 14. Nxd5 exd5
15. Bd1 Be7 16. f4 f6 17. gxf6 gxf6 18. h4 O-O-O 19. h5 Rh7 20. Bf3 Rdh8 21.
Bd2 f5 22. O-O-O gxh5 23. b4 Nf6 24. a4 h4 25. Kb2 Rg8 26. Rdg1 Rg3 27. Bd1 Ne4
28. Rxg3 Nxg3 29. Rg1 Ne4 30. Be1 h3 31. Kb3 h2 32. Rh1 Rh3 33. Kc2 Bxb4 34.
Bxb4 Ng3 35. Bf3 Nxh1 36. Bxh1 Rg3 37. a5 Rg1 38. Bf3 Rf1 0-1

[Event "Campeonato de España FEDC 2014"]
[Site "Linares ESP"]
[Date "2014.11.22"]
[Round "7.10"]
[White "Losilla Marin, Antonio"]
[Black "Coves Sepulcre, Laureano"]
[Result "1-0"]
[WhiteElo "1656"]
[BlackElo "1840"]
[PlyCount "90"]
[EventDate "2014.11.16"]
[EventType "swiss"]
[EventRounds "8"]
[EventCountry "ESP"]
[Source "lmi"]
[SourceDate "2014.11.16"]

1. b3 Nf6 2. Bb2 e6 3. Nf3 d5 4. e3 c5 5. g3 Nc6 6. Bg2 b5 7. c4 b4 8. O-O Be7
9. d4 O-O 10. dxc5 Bxc5 11. cxd5 Nxd5 12. Qc2 Qb6 13. Rc1 Bxe3 14. fxe3 Qxe3+
15. Kh1 Bb7 16. Qd2 Qb6 17. Nd4 Rad8 18. Nxc6 Bxc6 19. Qd4 Qxd4 20. Bxd4 Nb6
21. Bc5 Bxg2+ 22. Kxg2 Rc8 23. Nd2 Rfd8 24. Bxb4 f6 25. Ba5 Re8 26. Ne4 Nd5 27.
Nd6 Rxc1 28. Rxc1 Rb8 29. b4 Kf8 30. Rc8+ Rxc8 31. Nxc8 a6 32. Nb6 Nc3 33. a4
Ke7 34. b5 axb5 35. Bb4+ Kd8 36. Bxc3 bxa4 37. Nxa4 Kd7 38. Kf3 e5 39. Bb4 Ke6
40. Nc5+ Kd5 41. Nd7 h5 42. Bf8 e4+ 43. Ke3 g6 44. Nxf6+ Ke5 45. Nxe4 Kf5 1-0

[Event "Campeonato de España FEDC 2014"]
[Site "Linares ESP"]
[Date "2014.11.22"]
[Round "7.11"]
[White "De Los Heros Torres, Francisco"]
[Black "Megias Gonzalez, Javier"]
[Result "0-1"]
[WhiteElo "1624"]
[BlackElo "1837"]
[PlyCount "40"]
[EventDate "2014.11.16"]
[EventType "swiss"]
[EventRounds "8"]
[EventCountry "ESP"]
[Source "lmi"]
[SourceDate "2014.11.16"]

1. e4 c5 2. Nf3 e6 3. d4 cxd4 4. Nxd4 Nc6 5. Nc3 a6 6. g3 Nf6 7. Nxc6 bxc6 8.
e5 Nd5 9. Ne4 Qc7 10. f4 f5 11. Nd6+ Bxd6 12. exd6 Qd8 13. Qd4 O-O 14. c4 Nb4
15. Qc3 c5 16. Bg2 Rb8 17. O-O Qb6 18. a3 Nc6 19. Rb1 Nd4 20. Be3 Ne2+ 0-1

[Event "Campeonato de España FEDC 2014"]
[Site "Linares ESP"]
[Date "2014.11.22"]
[Round "7.12"]
[White "Escabias Perez, Miguel"]
[Black "Ramirez Carrasco, Antonio"]
[Result "0-1"]
[WhiteElo "1590"]
[BlackElo "1755"]
[PlyCount "68"]
[EventDate "2014.11.16"]
[EventType "swiss"]
[EventRounds "8"]
[EventCountry "ESP"]
[Source "lmi"]
[SourceDate "2014.11.16"]

1. e4 e5 2. Bc4 Nf6 3. Nf3 Nc6 4. d3 Bc5 5. O-O d6 6. Nc3 Bg4 7. h3 Bh5 8. g4
Nxg4 9. hxg4 Bxg4 10. Bxf7+ Kxf7 11. Ng5+ Qxg5 12. Bxg5 Bxd1 13. Raxd1 Nd4 14.
f4 Nxc2+ 15. Kh1 Ne3 16. fxe5+ Nxf1 17. Rxf1+ Kg6 18. Bf4 Rhf8 19. Kg2 dxe5 20.
Bxe5 Rxf1 21. Kxf1 c6 22. d4 Be7 23. d5 cxd5 24. Nxd5 Bf6 25. Nf4+ Kf7 26. Bxf6
gxf6 27. Ke2 Re8 28. Kf3 Rc8 29. Ke3 Rc2 30. Nd3 h5 31. a3 h4 32. Kf3 h3 33.
Nf2 h2 34. Nh1 Rxb2 0-1